| 000 | 00458nam a22001457a 4500 | ||
|---|---|---|---|
| 020 | _a978-1911717096 | ||
| 082 |
_a001.09 _bHAR |
||
| 100 | _aHarari, Yuval Noah | ||
| 245 |
_aNexus : a brief history of information networks from the Stone Age to AI / _cYuval Noah Harari. |
||
| 260 |
_aNew York : _bRandom House, _c2024. |
||
| 300 | _axxxii, 492p. : | ||
| 504 | _aIncludes bibliographical references and index. | ||
| 563 | _aPB | ||
| 942 |
_2ddc _cBK |
||
| 999 |
_c613541 _d613541 |
||